00353nam a2200109Ia 4500008004100000082002000041100002300061245004300084260003900127630001800166650005900184211109s9999||||xx |||||||||||||| ||und|| a230.0732bSHU-C aShuster, George, N 0aCatholic Church And Current Literature bNATIONAL BOOKSTALLaKottayamc1930 xGeneral Stack acatholic churchvchristian lifespiritualityxGeneralia